Absolventi pod drobnohľadom Najviac nezamestnaných z technických študijných a učebných odborov

Spracovanie údajov o nezamestnaných absolventoch škôl, ktoré vykonala Správa služieb zamestnanosti v septembri 1994 podľa podkladov, ktoré poskytli úrady práce v SR. Počty absolventov v evidencii úradov práce. Problémy absolventov škôl s neukončeným stredným vzdelaním. Porovnanie štruktúry absolvent...

Ausführliche Beschreibung

Gespeichert in:
Bibliographische Detailangaben
1. Verfasser: Polakovič, Ivan
Format: Buchkapitel
Sprache:Slowakisch
Schlagworte:
Tags: Tag hinzufügen
Keine Tags, Fügen Sie das erste Tag hinzu!

MARC

LEADER 00000naa a2200000 4500
001 r024936
005 20221205090910.7
041 0 |a slo 
044 |a SK 
245 1 0 |a Absolventi pod drobnohľadom  |b Najviac nezamestnaných z technických študijných a učebných odborov  |c Ivan Polakovič 
520 |a Spracovanie údajov o nezamestnaných absolventoch škôl, ktoré vykonala Správa služieb zamestnanosti v septembri 1994 podľa podkladov, ktoré poskytli úrady práce v SR. Počty absolventov v evidencii úradov práce. Problémy absolventov škôl s neukončeným stredným vzdelaním. Porovnanie štruktúry absolventov podľa študijného zamerania. Podiel jednotlivých študijných odborov na nezamestnanosti. 
610 2 0 |a nezamestnanosť 
610 2 0 |a Slovensko 
610 2 0 |a 1994 
610 2 0 |a evidencia 
610 2 0 |a absolventi 
610 2 0 |a odbory študijné 
610 2 0 |a odbory učebné 
610 2 0 |a štruktúra kvalifikačná 
610 2 0 |a vzdelanie 
100 1 |a Polakovič, Ivan